000 00311cam a22001217a 4500
008 180718b1965 xxu||||| |||| 00| 0 eng d
082 _aA6x91 P185i
100 _aPalmier, Leslie
245 _aIndonesia.
_cby Leslie Palmier
260 _aLondon
_bThames And Hudson
_c1965
300 _a240p
650 _aIndonesia.
999 _c413479
_d413479